000 00592nam a22001817a 4500
005 20251108165256.0
008 250721s1994 xx 000 0 ara d
082 1 4 _a956.431/محم
100 1 _aالسلوادي، محمد إسماعيل حسن
245 1 0 _aمن قرى فلسطين :
_bتل : تاريخ تراث شهداء /
264 1 _aعمان :
_bدار التعاون للنشر و التوزيع،
_c1994.
300 _a111ص
650 1 7 _aتاريخ فلسطين
650 1 7 _aنابلس ( مدينه )
650 1 7 _aتل ( قريه )
942 _2ddc
_cBK
999 _c23872
_d23872